000 01390nam a2200241Ia 4500
999 _c51999
_d51999
001 19003
003 GE_BSU
005 20220920103239.0
008 181216s2012||||ge |||||||||||||| ||geo||
040 _cGE_BSU
041 _ageo
080 _a81 დ-43
100 _aდიასამიძე, თამარ
_911647
245 _aვერბალური და არავერბალური კომუნიკაცია ეტიკეტურ ფორმულებში : დისერტაცია /
_cთამარ დიასამიძე; სამეცნიერო ხელმძღვანელი ქ. სვანიძე; ბათუმის შოთა რუსთაველის სახ. უნ-ტი.
264 _aბათუმი,
_c2012.
300 _a133 გვ. ;
_b30 სმ.
653 _aდისერტაცია
653 _aენათმეცნიერება
653 _aვერბალური და არავერბალური კომუნიკაცია ეტიკეტურ ფორმულებში
700 _aსვანიძე, ქ.
_eსამეცნიერო ხელმძღვანელი
_94537
710 _aბათუმის შოთა რუსთაველის სახ-ფო უნ-ტი
_911648
942 _cBK
_2udc